PR17-西日本鉄道の駅 - Statistics

General Stats
  • This quiz has been taken 340 times
    248 since last reset
  • The average score is 41 of 75
Answer Stats
本線 % Correct
大牟田
95%
西鉄福岡(天神)
94%
西鉄二日市
92%
西鉄二日市
92%
西鉄久留米
90%
甘木
90%
太宰府
88%
貝塚
87%
薬院
85%
大橋
81%
花畑
81%
西鉄柳川
80%
雑餉隈
78%
西鉄小郡
78%
春日原
74%
西鉄新宮
74%
西鉄平尾
70%
西鉄銀水
70%
都府楼前
68%
西鉄香椎
68%
桜並木
66%
宮の陣
66%
新栄町
66%
宮の陣
66%
64%
筑紫
64%
西鉄五条
62%
大善寺
61%
和白
61%
高宮
59%
井尻
59%
下大利
59%
朝倉街道
59%
白木原
57%
聖マリア病院前
57%
西鉄千早
57%
三国が丘
52%
津福
48%
香椎花園前
48%
西鉄渡瀬
47%
八丁牟田
46%
香椎宮前
46%
西鉄中島
45%
津古
43%
三潴
43%
東甘木
43%
学校前
43%
五郎丸
42%
41%
名島
41%
味坂
40%
櫛原
40%
三苫
39%
桜台
37%
犬塚
37%
蒲池
37%
北野
37%
馬田
37%
安武
36%
矢加部
36%
唐の原
36%
三沢
35%
倉永
35%
大保
34%
徳益
34%
本郷
34%
端間
33%
江の浦
33%
古賀茶屋
33%
大溝
32%
塩塚
32%
大堰
32%
大城
28%
金島
28%
上浦
26%
No matching quizzes found
Score Distribution
Percent of People with Each Score
Percentile by Number Answered
Your Score History
You have not taken this quiz since the last reset